[Event "MARIENBAD OPEN 2019 - A1 - GM"]
[Site "Polonia hotel, Marianske Lazne"]
[Date "2019.01.19"]
[Round "1"]
[White "Ajay Krishna, S"]
[Black "Plat, Vojtech"]
[Result "1/2-1/2"]
[WhiteElo "2289"]
[BlackElo "2552"]
[EventDate "2019.01.19"]

1. Nf3 Nf6 2. c4 g6 3. b4 Bg7 4. Bb2 O-O 5. g3 b6  6. Bg2
Bb7  7. O-O  d6 8. d3
Nbd7  9. Nbd2 c5  10. b5
d5  11. cxd5  Nxd5
12. Bxg7  Kxg7  13. Qb3
e5  14. a4  Nc7
15. Qb2  f6  16. a5  Qe7
17. Ra3  Bd5  18. Rfa1
Rfb8  19. a6  Rd8
20. Nf1  Rab8  21. Ne3
Bf7  22. Nd2  Nf8
23. Ne4  Nd5  24. Rf1
Kg8  25. Raa1  Rbc8
26. Ng4  Be6  27. Ne3
f5  28. Nd2  Nxe3
29. fxe3  c4  30. Nxc4
Bxc4  31. dxc4  e4
32. g4  Rc5  33. Rf4
Ne6  34. Rf2  Qg5
35. gxf5  Qxe3  36. Qf6
Qxf2+  37. Kxf2  Rxf5+
38. Qxf5 gxf5  39. e3  Rd2+
40. Kg1  Kg7  41. Rf1
f4  42. Bxe4  fxe3
43. Re1  e2  44. Kf2
Nc5  45. Ke3  Ra2
46. Bd5  Kf6  47. Rxe2
Rxe2+  48. Kxe2  Ke5
1/2-1/2

[Event "MARIENBAD OPEN 2019 - A1 - GM"]
[Site "Polonia hotel, Marianske Lazne"]
[Date "2019.01.19"]
[Round "1"]
[White "Cernousek, Lukas"]
[Black "Makarian, Rudik"]
[Result "0-1"]
[WhiteElo "2427"]
[BlackElo "2354"]
[EventDate "2019.01.19"]

1. e4 c5 2. Nf3 d6 3. d4 cxd4 4. Nxd4 Nf6 5. Nc3 a6 6. Be3 e6 7. g4 e5 8. Nf5 g6
9. g5 gxf5 10. exf5 d5 11. Qf3  d4  12. O-O-O
Nbd7  13. Bxd4  exd4
14. Rxd4  Be7  15. gxf6
Bxf6  16. Re4+  Kf8
17. Nd5  Nc5  18. Rc4
Bg5+  19. Kb1  b6
20. Bg2  Bb7  21. Rd1
Bxd5  22. Rxd5  Qe7
23. f6  Bxf6  24. Rf4
Re8  25. a4  Rg8
26. Rxf6  Rxg2  27. Rdf5
Rg7  28. Rxb6  Ne4
29. Qf4  Qd7  30. Rxa6
Qb7  31. Qh6  Nc3+
32. Kc1  Qh1+  33. Kd2
Ne4+  34. Kd3  Qd1+
0-1

[Event "MARIENBAD OPEN 2019 - A1 - GM"]
[Site "Polonia hotel, Marianske Lazne"]
[Date "2019.01.19"]
[Round "1"]
[White "Simek, Petr (86)"]
[Black "Rakesh, Kumar Jena"]
[Result "1/2-1/2"]
[WhiteElo "2330"]
[BlackElo "2426"]
[EventDate "2019.01.19"]

1. d4 Nf6 2. c4 e6 3. g3 Bb4+ 4. Bd2 Be7 5. Bg2 d5 6. Nf3 O-O 7. O-O Nbd7 8. Qc2
c6 9. Rd1  b6  10. Bf4  Bb7
11. Ne5  Rc8  12. Nc3
Nh5  13. Bd2  Nhf6
14. Bf4  a6  15. e4
b5  16. Nxd7  Nxd7
17. c5  Re8  18. h4
Nf8  19. h5  a5
20. Qe2  Nd7  21. e5  b4
22. Na4  Ra8  23. Qg4
Kh8  24. Bh3  Ba6
25. Be3  Bb5  26. b3
f5  27. exf6  Nxf6
28. Qf3  Bxa4  29. bxa4
Ne4  30. h6  Bf6
31. hxg7+  Bxg7  32. Qh5
Qf6  33. Kg2  Qg6
34. Bg4  Qxh5  35. Bxh5
Rf8  36. Bf4  Ra7
37. Rac1  Rb7  38. Rd3
Nc3  39. Rd2  Nxa4
40. Re1  Nc3  41. Rxe6
Rc8  42. Be8  a4
43. Bxc6  Ra7  44. Re8+
Rxe8  45. Bxe8  Ne4
46. Rd1  Nc3  47. Re1
Bxd4  48. c6  Bb6
49. Bd7  Kg7  50. Bd6
Nxa2  51. Re7+  Kf6
52. Re6+  Kf7  53. Re7+
Kf6  54. Re6+  1/2-1/2

[Event "MARIENBAD OPEN 2019 - A1 - GM"]
[Site "Polonia hotel, Marianske Lazne"]
[Date "2019.01.19"]
[Round "1"]
[White "Oboladze, Luka"]
[Black "Gumularz, Szymon"]
[Result "1/2-1/2"]
[WhiteElo "2295"]
[BlackElo "2475"]
[EventDate "2019.01.19"]

1. d4 Nf6 2. c4 e6 3. Nf3 d5 4. Nc3 Nbd7 5. e3 c6  6. Bd3
dxc4  7. Bxc4  b5
8. Bd3  b4  9. Ne4
Nxe4  10. Bxe4  Bb7
11. O-O  Bd6  12. b3
O-O  13. Bb2  Nf6
14. Bd3  c5  15. Qe2
cxd4  16. Nxd4  Rc8
17. Rac1  Qa5  18. Nb5
Be7  19. Bd4  a6
20. Bxf6  Bxf6  21. Nd6
Rxc1  22. Rxc1  Ba8
23. Be4  Qe5  24. Qd3
Rd8  25. Bxa8  1/2-1/2

[Event "MARIENBAD OPEN 2019 - A1 - GM"]
[Site "Polonia hotel, Marianske Lazne"]
[Date "2019.01.20"]
[Round "2"]
[White "Plat, Vojtech"]
[Black "Voloshin, Leonid"]
[Result "1-0"]
[WhiteElo "2552"]
[BlackElo "2381"]
[EventDate "2019.01.19"]

1. e4  e5  2. Nf3  Nc6
 3. Bb5  Nf6  4. O-O
 Nxe4  5. d4  Nd6
 6. Ba4  e4  7. Ne5
 g6  8. f4  Bg7 
9. Nc3  O-O  10. Re1  Ne7
 11. Bb3  c6  12. d5
 c5  13. Nxe4  Nef5
 14. Nxd6  Nxd6  15. Be3
 b6  16. c3  Bb7 
17. Bf2  Re8  18. Qg4  f5
 19. Qh3  Qc7  20. Rad1
 Rf8  21. Nc6  Bf6
 22. Ne5  Rae8  23. Bc2
 Bg7  24. Bh4  c4
 25. Kh1  b5  26. Qg3
 Nf7  27. Nxf7  Rxe1+
 28. Qxe1  Rxf7  29. d6
 Qc6  30. Rd2  Bh6
 31. Qe3  a6  32. Be7
 Bg7  33. a3  Bh6
 34. h4  Bg7  35. h5
 Bh6  36. Qg3  Kg7
 37. Rd4  Qc8  38. Bd1
 Qc6  39. hxg6  hxg6
 40. Bf3  Qc8  41. Bh5
 Kh8  42. Bxg6  Qg8
 43. Kh2 Rh7  44. Bxh7  Qxg3+
 45. Kxg3  Kxh7  46. Bf6
 Kg6  47. Be5  Bc6
 48. Rd1  Bf8  49. Rh1
 Bh6  50. Kf2  a5
 51. Ke3  a4  52. Kd4
 Kh7  53. Rh2  Kg6
 54. g3  Bf3  55. Kc5
 Bc6  56. Bf6  Bf8
 57. Rh8  Bxd6+  58. Kxd6
 Kxf6  59. Re8  Kg6
 60. Re5  Be4  61. g4
 fxg4  62. Rxe4  Kf5
 63. Re8  g3  64. Rg8
 Kxf4  65. Kxd7  1-0

[Event "MARIENBAD OPEN 2019 - A2 - GM"]
[Site "Polonia hotel, Marianske Lazne"]
[Date "2019.01.19"]
[Round "1"]
[White "Kriebel, Tadeas"]
[Black "Swicarz, Maciej"]
[Result "1/2-1/2"]
[WhiteElo "2519"]
[BlackElo "2331"]
[EventDate "2019.01.19"]

1. e4 c6 2. d4 d5 3. e5 c5 4. dxc5 Nc6 5. Nf3 Bg4  6. c3
e6  7. Be3  Bxf3
8. Qxf3  Qc7  9. Bb5
Qxe5  10. O-O  Nf6
11. Nd2  Be7  12. Bd4
Qg5  13. Qe2  O-O
14. f4  Qh5  15. Rf3
Nxd4  16. cxd4  b6
17. c6  Ne8  18. Bd3
g6  19. Qe3  Qh6
20. Rh3  Qg7  21. Nf3
Nd6  22. Ne5  Bf6
23. Rc1  Rfc8  24. g4
Rc7  25. g5  Bxe5
26. dxe5  Nf5  27. Bxf5
gxf5  28. Qa3  Rac8
29. Qd6  Qf8  30. Rhc3
Qe8  31. b4  d4
32. Rc4  b5  33. Rc5  a6
34. Kf2  d3  35. Ke3
d2  36. Kxd2  Rd8
37. Ke3  Rcc8  38. Qd7
Rxd7  39. cxd7  Qxd7
40. Rxc8+  Kg7  41. R8c5
Qb7  42. Rc6  a5
43. bxa5  Qa7+  44. Kf3
Qxa5  45. R1c2  Qa4
46. Re2  Qa8  47. Rec2
Qa4  48. Re2  Qd1
49. Rcc2  Qh1+  50. Rg2
Qd1+  51. Ke3  Qe1+
52. Rge2  Qh1  53. Rf2
Qe4+  54. Kd2  Qd4+
55. Kc1  Qa1+  1/2-1/2

[Event "MARIENBAD OPEN 2019 - A2 - GM"]
[Site "Polonia hotel, Marianske Lazne"]
[Date "2019.01.19"]
[Round "1"]
[White "Kovalev, Andrei"]
[Black "Swayams, Mishra"]
[Result "0-1"]
[WhiteElo "2520"]
[BlackElo "2432"]
[EventDate "2019.01.19"]

1. e4 e6 2. d4 d5 3. exd5 exd5 4. Nf3 Nc6 5. Bb5  Bd6
6. O-O  Nge7  7. c4
dxc4  8. Bxc4  O-O
9. h3  Bf5  10. Nc3
a6  11. Re1  b5
12. Bb3  h6  13. a3  Na5
14. Ba2  Nc4  15. Nd2
Nxd2  16. Bxd2  c5
17. dxc5  Bxc5  18. Be3
Bxe3  19. Rxe3  Ra7
20. Qf3  Bg6  21. Rae1
Rd7  22. Re5  Kh7
23. h4  Kh8  24. h5
Bh7  25. Qe3  Nc6
26. Rd5  Bg8  27. Qc5
Nb8  28. Rxd7  Nxd7
29. Qa7  Nf6  30. Qxa6
Qd2  31. Re2  Qc1+
32. Kh2  Ng4+  33. Kg3
Qg5  34. f3  Ne3+
35. Kf2  Re8  36. Qxb5
Qxg2+  37. Ke1  Qg1+
38. Kd2  Rd8+  39. Bd5
Nxd5  40. Nxd5  Qg5+
0-1

[Event "MARIENBAD OPEN 2019 - A2 - GM"]
[Site "Polonia hotel, Marianske Lazne"]
[Date "2019.01.19"]
[Round "1"]
[White "Gungl, Theo"]
[Black "Vokac, Marek"]
[Result "1/2-1/2"]
[WhiteElo "2368"]
[BlackElo "2380"]
[EventDate "2019.01.19"]

1. e4 g6 2. d4 Bg7 3. Nc3 d6 4. f4 a6 5. Nf3 b5 6. Bd3 Bb7 7. e5
Nd7  8. O-O  c5  9. Be4
Bxe4  10. Nxe4  cxd4
1/2-1/2

[Event "MARIENBAD OPEN 2019 - A2 - GM"]
[Site "Polonia hotel, Marianske Lazne"]
[Date "2019.01.19"]
[Round "1"]
[White "Simacek, Pavel"]
[Black "Kulkarni, Bhakti"]
[Result "1-0"]
[WhiteElo "2481"]
[BlackElo "2303"]
[EventDate "2019.01.19"]

1. e4 e6 2. d4 d5 3. e5 c5 4. c3 Nc6  5. Nf3 Bd7
6. Be2  Qc7  7. O-O  f6
8. Bf4  O-O-O  9. b4
c4  10. a4  g5
11. Bg3  g4  12. exf6  Bd6
13. Ng5  Rf8  14. Bxg4
Rxf6  15. Na3  a6
16. Re1  Nd8  17. Be5
Bxe5  18. dxe5  Rg6
19. f4  Ne7  20. Nc2
h6  21. Nh3  Rhg8
22. Nf2  Nf5  23. g3
Qb6  24. a5  Qc6
25. Bxf5  exf5  26. Nd4
Qc7  27. Qf3  Be6
28. Rad1  1-0

[Event "MARIENBAD OPEN 2019 - A2 - GM"]
[Site "Polonia hotel, Marianske Lazne"]
[Date "2019.01.19"]
[Round "1"]
[White "Liu, Guanchu"]
[Black "Yeritsyan, Aram"]
[Result "1-0"]
[WhiteElo "2425"]
[BlackElo "2349"]
[EventDate "2019.01.19"]

1. e4 e5 2. Nf3 Nc6 3. Nc3 Nf6 4. Bc4 Bc5 5. d3 a6 6. Bg5  h6
7. Be3  d6  8. Bxc5
dxc5  9. h3  Qd6
10. O-O  g5  11. Nd5
Nxd5  12. exd5  Ne7
13. Re1  Ng6  14. b4
cxb4  15. Nxe5  O-O
16. d4  b5  17. Bd3
Nf4  18. h4  Nxd3
19. Qxd3  Kg7  20. Re3
Qxd5  21. hxg5  h5
22. Rae1  Bb7  23. Nf3
Rad8  24. Re7  Qd6
25. Nh4  Bc8  26. d5
Kg8  27. g6  Qf6
28. Qg3  Rxd5  29. gxf7+
Kh7  30. Re8  Rxf7
31. Rxc8  Rg5  32. Qe3
Rg4  33. g3  Qxh4
34. Qd3+  Kg7  35. Ree8
Rxf2  36. Rxc7+  1-0

[Event "MARIENBAD OPEN 2019 - A2 - GM"]
[Site "Polonia hotel, Marianske Lazne"]
[Date "2019.01.20"]
[Round "2"]
[White "Vokac, Marek"]
[Black "Simacek, Pavel"]
[Result "1/2-1/2"]
[WhiteElo "2380"]
[BlackElo "2481"]
[EventDate "2019.01.19"]

1. d4 c5 2. d5 Nf6 3. c4 e6 4. Nc3 exd5 5. cxd5 d6 6. Nf3 g6 7. Bg5 h6 8. Bh4 g5
9. Bg3 Nh5 10. Nd2 Nxg3 11. hxg3 Bg7 1/2-1/2

[Event "MARIENBAD OPEN 2019 - A2 - GM"]
[Site "Polonia hotel, Marianske Lazne"]
[Date "2019.01.20"]
[Round "2"]
[White "Swayams, Mishra"]
[Black "Gungl, Theo"]
[Result "1/2-1/2"]
[WhiteElo "2432"]
[BlackElo "2368"]
[EventDate "2019.01.19"]

1. d4  d5  2. c4  c6
3. Nf3  Nf6  4. Nc3
e6  5. Bg5  dxc4
6. e4  b5  7. e5
h6  8. Bh4  g5
9. Nxg5  hxg5  10. Bxg5  Be7
11. exf6  Bxf6  12. Bxf6
Qxf6  13. g3  Na6
14. Bg2  Bb7  15. Ne4
Qe7  16. O-O  O-O-O
17. h4  c5  18. a4
Rxd4  19. Qe2  b4
20. Rad1  Rhd8  21. Rxd4
Rxd4  22. Rc1  Nc7
23. Nd2  Bxg2  24. Kxg2
Qd7  25. Nxc4  Qd5+
26. Kg1  f5  27. Ne3
Qe5  28. Qh5  Rd7
29. Qh6  Rf7  30. Qh5
Rg7  31. Qh8+  Kb7
32. Ng2  f4  33. Rxc5
Qxc5  34. Qxg7  fxg3
35. Ne3  gxf2+  36. Kxf2
Kb6  37. Qd7  b3
38. h5  a5  39. h6
Qf8+  40. Ke2  Qxh6
41. Nc4+  Kb7  42. Nxa5+
Ka6  43. Qxc7  Qh5+
44. Kd3  Qf5+  45. Ke3
Qg5+  46. Ke2  Qh5+
47. Kd3  Qf5+  48. Kd4
Qf2+  49. Kd3  1/2-1/2

[Event "MARIENBAD OPEN 2019 - B1 - IM"]
[Site "Polonia hotel, Marianske Lazne"]
[Date "2019.01.19"]
[Round "1"]
[White "Voinikonis, Nikita"]
[Black "Sernecki, Franciszek"]
[Result "0-1"]
[WhiteElo "2163"]
[BlackElo "2278"]
[EventDate "2019.01.19"]

1. d4 d5 2. c4 e6 3. Nf3 Nf6 4. g3 dxc4 5. Bg2 c5 6. O-O Nc6 7. Qa4
Bd7  8. Qxc4  cxd4
9. Nxd4  Rc8  10. Nxc6
Bxc6  11. Bxc6+  Rxc6
12. Qa4  a6  13. Nc3
Be7  14. Rd1  Qc8
15. Bg5  O-O  16. Qb3
h6  17. Bxf6  Bxf6
18. Ne4  Be5  19. Rd3
Qc7  20. Rb1  Rc4
21. Nd2  Rc2  22. Rd7
Qxd7  23. Qxc2  Rc8
24. Qe4  Qxd2  25. Qxe5
b5  26. a3  Rc2
27. Kf1  g6  28. Qb8+  Kg7
29. Qe5+  Kh7  30. h4
h5  31. b3  Ra2
32. Re1  Qb2  33. Qf4  Kg7
34. g4  Qxb3  35. gxh5
Qh3+  36. Kg1  Qf5
37. h6+  Kh7  38. Qg5
Rxa3  39. e4  Qxg5+
40. hxg5  b4  41. Rd1
b3  42. Rd7  b2
43. Rxf7+  Kg8  0-1

[Event "MARIENBAD OPEN 2019 - B1 - IM"]
[Site "Polonia hotel, Marianske Lazne"]
[Date "2019.01.19"]
[Round "1"]
[White "Patil, Mitali"]
[Black "Gorbatov, Alexej"]
[Result "0-1"]
[WhiteElo "2062"]
[BlackElo "2389"]
[EventDate "2019.01.19"]

1. e4 g6 2. d4 Bg7 3. Nc3 c6 4. Nf3 d6 5. Be3 b5 6. Bd3  Nd7
7. Qd2  Bb7  8. h4
h6  9. O-O-O  a6
10. Rhe1  Qc7  11. Kb1
e5  12. dxe5  dxe5
13. Nh2  O-O-O  14. f4
Ngf6  15. Qf2  exf4
16. Bxf4  Ne5  17. Qa7
Nh5  18. Qf2  Nxf4
19. Qxf4  Nd7  20. Qxc7+
Kxc7  21. Rf1  Ne5
22. Be2  Bc8  23. Rxd8
Rxd8  24. Rd1  h5
25. Rxd8 Kxd8  26. Kc1  Bf6
27. g3  Be6  28. a3
Bg7  29. Kd1  Ke7
30. Ke1  Kd6  31. Nd1
Nd7  32. Nf3  Nc5
33. Ng5  Be5  34. Kf2
Ba2  35. Bd3  Nxd3+
36. cxd3  Bb3  37. Nc3
c5  38. Nf3  Bg7
39. Nd2  Be6  40. Nf3
f6  41. d4 cxd4  42. Nxd4
Bc4  43. Nce2  Bf7
44. b4  Ke5  45. Kf3
Be8  46. Nb3  Bc6
47. Nc5  f5  48. Nxa6
fxe4+  49. Ke3  Bh6+
50. Nf4  g5  51. hxg5
Bxg5  52. Nc5  h4
53. Nce6  h3  54. Kf2
e3+  55. Kg1  Bh6
56. Kh2  Bxf4  57. Nxf4
Bd7  58. Ne2  Ke4
59. Nc3+  Kf3  60. g4
Kxg4  0-1

[Event "MARIENBAD OPEN 2019 - B1 - IM"]
[Site "Polonia hotel, Marianske Lazne"]
[Date "2019.01.19"]
[Round "1"]
[White "Florstedt, Johannes"]
[Black "Nagy, Gabor"]
[Result "0-1"]
[WhiteElo "2320"]
[BlackElo "2479"]
[EventDate "2019.01.19"]

1. e4 c5 2. Nf3 e6 3. d4 cxd4 4. Nxd4 Nc6 5. Nc3 Qc7 6. Be3 Nf6
7. Qf3  a6  8. O-O-O  d6
9. Nxc6  Qxc6  10. g4
Nd7  11. g5  b5
12. Qh3  b4  13. Ne2  e5
14. Ng3  Nc5  15. Qg2
Na4  16. f4  Be6
17. b3  Qc3  18. Qf2
Qb2+  19. Kd2  exf4
20. Bd4  Nc3  21. Qxf4
Qxa2  22. Bd3  Nxd1
23. Rxd1  Qa5  24. Ra1
Qd8  25. Nf5  Rg8
26. Bxa6  Rb8  27. h4
g6  28. Bf6  Qb6
29. Ne3  Be7  30. Nd5
Bxd5  31. exd5  Bxf6
32. Qxf6  Kf8  33. Bb5
Qd8  34. Qf1  Kg7
35. Ra7  Rf8  36. Rd7
Qb6  37. Qf6+  Kg8
38. Bc6  Rbe8  39. Qf4
Qc5  40. Qf3  Qd4+
41. Qd3  Qf4+  42. Kd1
Re3  43. Qc4  Re4
0-1

[Event "MARIENBAD OPEN 2019 - B1 - IM"]
[Site "Polonia hotel, Marianske Lazne"]
[Date "2019.01.19"]
[Round "1"]
[White "Kornitzky, Tino"]
[Black "Baum, Jonasz"]
[Result "0-1"]
[WhiteElo "2133"]
[BlackElo "2302"]
[EventDate "2019.01.19"]

1. d4 d5 2. c4 e6 3. g3 Nf6 4. Bg2 dxc4 5. Nf3 Bb4+ 6. Bd2 c5 7. Qc1 b5
8. a3  Bxd2+  9. Nfxd2
Nd5  10. dxc5  Bb7
11. Nc3  Bc6  12. O-O
O-O  13. Nce4  Nd7
14. b3  f5  15. bxc4
bxc4  16. Nc3  Nxc5
17. Nxd5  Bxd5  18. Rb1
Bxg2  19. Kxg2  Qd5+
20. Kg1  Rac8  21. Rb4
c3  22. Nf3  c2
23. Qxc2  Na6  24. Qa4  Nxb4
25. axb4  Rc4  26. Qxa7
Rxb4  27. Qe7  Rb7
28. Qa3  Rfb8  29. Kg2
e5  30. Qe3  e4
31. Nd2  Rd8  32. Nb1  Rb3
33. Qg5  e3+  34. f3
Rdb8  35. Qe7  Qf7
0-1

[Event "MARIENBAD OPEN 2019 - B1 - IM"]
[Site "Polonia hotel, Marianske Lazne"]
[Date "2019.01.20"]
[Round "2"]
[White "Nagy, Gabor"]
[Black "Kornitzky, Tino"]
[Result "1-0"]
[WhiteElo "2479"]
[BlackElo "2133"]
[EventDate "2019.01.19"]

1. d4  Nf6  2. c4  e6
3. Nf3  d5  4. Nc3
Nbd7  5. Bg5  c6
6. e3  Qa5  7. cxd5
Nxd5  8. Qd2  Bb4
9. Rc1  Nxc3  10. bxc3
Ba3  11. Rb1  b6
12. Bd3  Ba6  13. O-O
Bxd3  14. Qxd3  O-O
15. e4  Rfe8  16. e5
h6  17. Be3  Rad8
18. Qe4  Qd5  19. Qg4
Kh7  20. Qh5  Kg8
21. Nd2  b5  22. Rbe1
Bf8  23. f4  Nb6
24. Bf2  Qxa2  25. Ne4
Nd5  26. Bh4  Ra8
27. f5  exf5  28. Qxf5
Ne7  29. Qf3  Ng6
30. Bg3  Qe6  31. h4
Be7  32. h5  Nf8
33. Qd1  Qd5  34. Rf5
Ne6  35. Qg4  Qc4
36. Nf6+  Bxf6  37. exf6
Ng5  38. Rxg5  Rxe1+
39. Bxe1  hxg5  40. Qxg5
g6  41. Qh6  1-0

[Event "MARIENBAD OPEN 2019 - B2 - IM"]
[Site "Polonia hotel, Marianske Lazne"]
[Date "2019.01.19"]
[Round "1"]
[White "Lukasiewicz, Krzysztof"]
[Black "Hesse, Henrik"]
[Result "1-0"]
[WhiteElo "2223"]
[BlackElo "2166"]
[EventDate "2019.01.19"]

1. e4 c5 2. Nf3 e6 3. d4 cxd4 4. Nxd4 Nc6 5. Nc3 Qc7 6. g3 a6 7. Bg2 Nf6
8. O-O  Nxd4  9. Qxd4
Bc5  10. Bf4  d6
11. Qd2  h6  12. Rad1
e5  13. Be3  Be6
14. Bxc5  dxc5  15. Nd5
Bxd5  16. exd5  Qd6
17. c4  O-O  18. Rfe1
Rfe8  19. Re2  Re7
20. Rde1  Rae8  21. Qa5
e4  22. Re3  b5
23. cxb5  axb5  24. Qxb5  Qxd5
25. a4  Qe5  26. b3
Rb8  27. Qc4  Rb4
28. Qc2  Qd5  29. Rd1
Rd4  30. Rc1  Re5
31. h3  Rd2  32. Qc4
Qd4  33. Rc2  Rd1+
34. Kh2  Rh5  35. Qe2
Qa1  36. f3  g5
37. Rd2  Rc1  38. Rxe4  Nxe4
39. Qxe4  Qf6  40. Qe8+
Kh7  41. Rd7  Kg7
42. Rd8  Kg6  43. f4
Rc2  44. Qg8+  Kf5
45. Rd5+  1-0

[Event "MARIENBAD OPEN 2019 - B2 - IM"]
[Site "Polonia hotel, Marianske Lazne"]
[Date "2019.01.19"]
[Round "1"]
[White "Stigar, Petter"]
[Black "Plischki, Sebastian"]
[Result "1/2-1/2"]
[WhiteElo "2177"]
[BlackElo "2426"]
[EventDate "2019.01.19"]

1. Nf3  Nf6  2. c4  e6
 3. g3  d5  4. Bg2
 d4  5. d3  c5 
6. O-O  Nc6  7. e3  Bd6
 8. exd4  cxd4  9. Bg5
 h6  10. Bxf6  Qxf6
 11. Nbd2  Qe7  12. Re1
 O-O  13. a3  a5 
14. Nb3  Qf6  15. Nbd2  Bc7
 16. Rb1  a4  17. Rc1
 Qe7  18. c5  Ra5
 19. Rc4  Rxc5  20. Rxc5
 Qxc5  21. Qxa4  f5
 22. b4  b5  23. Qd1
 Qd6  24. Qc2  Bd7
 25. Nb3  e5  26. Nc5
 Be8  27. Nd2  Bb8
 28. Rc1  Ne7  29. Nb7
 Qf6  30. Qc5  Bd7
 31. Qc2  Rc8  32. Qa2+
 Qf7  33. Rxc8+  Bxc8
 34. Qc2  e4  35. Nc5
 e3  36. Nf3  f4 
37. Nxd4  Qf6  38. fxe3  fxg3
 39. hxg3  Bxg3  40. Qa2+
 Kh7  41. Ne4  Qg6
 42. Nxg3  Qxg3  43. Qf2
 1/2-1/2

[Event "MARIENBAD OPEN 2019 - B2 - IM"]
[Site "Polonia hotel, Marianske Lazne"]
[Date "2019.01.19"]
[Round "1"]
[White "Ng, Jen Sheng"]
[Black "German, Nikita"]
[Result "1/2-1/2"]
[WhiteElo "2075"]
[BlackElo "2162"]
[EventDate "2019.01.19"]

1. e4 e6 2. d4 d5 3. Nc3 Bb4 4. e5 c5 5. Bd2 Ne7  6. Nb5
Bxd2+  7. Qxd2  O-O
8. c3  Nbc6  9. f4
Qb6  10. Nf3  Bd7
11. dxc5  Qxc5  12. Nbd4
f6  13. exf6  Rxf6
14. Be2  Qd6  15. g3
e5  16. Nxc6  Nxc6
17. O-O-O  exf4  18. Qxd5+
Qxd5  19. Rxd5  Bg4
20. Rg5  Be6  21. gxf4
Rxf4  22. Rhg1  1/2-1/2

[Event "MARIENBAD OPEN 2019 - B2 - IM"]
[Site "Polonia hotel, Marianske Lazne"]
[Date "2019.01.19"]
[Round "1"]
[White "Kacharava, Nikolozi"]
[Black "Cerveny, Petr"]
[Result "1-0"]
[WhiteElo "2397"]
[BlackElo "2318"]
[EventDate "2019.01.19"]

1. e4 c5 2. Nf3 d6 3. d4 cxd4 4. Qxd4 Nc6 5. Bb5 Bd7 6. Bxc6 Bxc6 7. Nc3 Nf6 8.
Bg5  e6  9. O-O-O  Be7
10. Qd3  Qa5  11. h4
O-O  12. Nd4  Rfc8
13. f4  Rab8  14. g4
b5  15. Kb1  b4
16. Nxc6  Rxc6  17. Ne2  h6
18. Bxf6  Bxf6  19. g5
Bc3  20. Nc1  hxg5
21. hxg5  g6  22. Nb3
Qc7  23. e5  dxe5
24. Qh3  exf4  25. bxc3
Qe5  26. Qh7+  1-0

[Event "MARIENBAD OPEN 2019 - B2 - IM"]
[Site "Polonia hotel, Marianske Lazne"]
[Date "2019.01.20"]
[Round "2"]
[White "Plischki, Sebastian"]
[Black "Frolov, Artur"]
[Result "1/2-1/2"]
[WhiteElo "2426"]
[BlackElo "2430"]
[EventDate "2019.01.19"]

1. d4 Nf6 2. Nf3 g6 3. Bf4 Bg7 4. e3 O-O 5. Be2 c5 6. c3 b6 7. O-O Bb7 8. h3 d5
9. Nbd2 Nc6 10. a4 cxd4 11. exd4 1/2-1/2

[Event "MARIENBAD OPEN 2019 - C - FIDE open"]
[Site "Polonia hotel, Marianske Lazne"]
[Date "2019.01.19"]
[Round "1"]
[White "Starosta, Martyna"]
[Black "Shagbazyan, Taron"]
[Result "0-1"]
[WhiteElo "1678"]
[BlackElo "2415"]
[PlyCount "96"]
[EventDate "2019.01.19"]

1. e4 e5 2. Nf3 Nc6 3. Bb5 a6 4. Ba4 Nf6 5. O-O Be7 6. Re1 b5 7. Bb3 d6 8. a4
Bb7 9. c3 O-O 10. d3 Nb8 11. Nbd2 Nbd7 12. Nf1 Nc5 13. Bc2 Nxa4 14. Bxa4 bxa4
15. Qxa4 Nd7 16. d4 Bf6 17. d5 Nc5 18. Qc2 c6 19. c4 cxd5 20. exd5 a5 21. Be3
Qc7 22. N1d2 Rfc8 23. Ra4 Be7 24. h3 g6 25. g4 Qd7 26. Kh1 Kg7 27. Kh2 f6 28.
Bxc5 Rxc5 29. Ne4 Rcc8 30. Qd2 h5 31. g5 f5 32. Nf6 Qd8 33. Rg1 Ba6 34. b3 Rab8
35. Raa1 Rb4 36. Qc2 a4 37. Nd2 Qb6 38. Rg2 axb3 39. Nxh5+ Kf7 40. Qd1 Bxc4 41.
Nxc4 Rcxc4 42. Ng3 Rh4 43. Qc1 Qc5 44. Qd1 Bxg5 45. Nxf5 gxf5 46. Rxg5 Qxf2+
47. Rg2 Rxh3+ 48. Kxh3 Rh4# 0-1

[Event "MARIENBAD OPEN 2019 - C - FIDE open"]
[Site "Polonia hotel, Marianske Lazne"]
[Date "2019.01.19"]
[Round "1"]
[White "Sabuk, Piotr"]
[Black "Ochirova, Anita"]
[Result "1-0"]
[WhiteElo "2395"]
[BlackElo "1666"]
[PlyCount "63"]
[EventDate "2019.01.19"]

1. d4 d5 2. c4 e6 3. Nf3 Be7 4. g3 Nf6 5. Bg2 O-O 6. O-O c6 7. Qc2 Nbd7 8. Nbd2
b6 9. e4 dxe4 10. Nxe4 Bb7 11. Rd1 Rc8 12. Bf4 Nxe4 13. Qxe4 Nf6 14. Qc2 Bd6
15. Be5 Qe7 16. c5 Bc7 17. Ng5 g6 18. Rac1 Nd5 19. Ne4 Rfd8 20. Qa4 b5 21. Qb3
a5 22. Nd6 Bxd6 23. cxd6 Qf8 24. g4 Nb6 25. g5 Nc4 26. Rxc4 bxc4 27. Qxb7 Qe8
28. Qe7 Qxe7 29. dxe7 Re8 30. Bf6 h6 31. h4 Kh7 32. Rc1 1-0

[Event "MARIENBAD OPEN 2019 - C - FIDE open"]
[Site "Polonia hotel, Marianske Lazne"]
[Date "2019.01.19"]
[Round "1"]
[White "Veselsky, Jan"]
[Black "Kolbus, Dietmar"]
[Result "0-1"]
[WhiteElo "1618"]
[BlackElo "2294"]
[PlyCount "58"]
[EventDate "2019.01.19"]

1. c4 Nf6 2. Nc3 g6 3. Nf3 Bg7 4. g3 O-O 5. Bg2 d5 6. d4 dxc4 7. Ne5 Ne8 8. e3
Bxe5 9. dxe5 Qxd1+ 10. Kxd1 c6 11. Ke2 Ng7 12. Rd1 Nd7 13. f4 Nc5 14. Bd2 Bg4+
15. Bf3 Bxf3+ 16. Kxf3 Rfd8 17. Be1 Nge6 18. g4 Nd3 19. Bh4 g5 20. f5 Nxe5+ 21.
Kg2 gxh4 22. fxe6 Nxg4 23. exf7+ Kxf7 24. Rf1+ Ke8 25. Rf3 Rd2+ 26. Kg1 Rxb2
27. Raf1 Kd7 28. Rf7 Rg8 29. Kh1 Rxh2+ 0-1

[Event "MARIENBAD OPEN 2019 - C - FIDE open"]
[Site "Polonia hotel, Marianske Lazne"]
[Date "2019.01.19"]
[Round "1"]
[White "Chkhaidze, Nikoloz"]
[Black "Litvinov, Dmitri"]
[Result "1-0"]
[WhiteElo "2290"]
[BlackElo "1608"]
[PlyCount "69"]
[EventDate "2019.01.19"]

1. d4 Nf6 2. c4 e6 3. Nc3 Bb4 4. Bd2 b6 5. f3 c5 6. d5 O-O 7. e4 Re8 8. Nge2
Ba6 9. Ng3 exd5 10. cxd5 Bxf1 11. Kxf1 g6 12. a3 Ba5 13. Rb1 c4 14. Bg5 Ng4 15.
Bxd8 Ne3+ 16. Ke2 Nxd1 17. Nb5 Rxd8 18. Nc7 Nxb2 19. Rxb2 c3 20. Rc2 Rc8 21.
Nxa8 Na6 22. e5 Nc5 23. Ne4 Nxe4 24. fxe4 Rxa8 25. Kd3 b5 26. Rf1 Re8 27. Rcf2
Re7 28. d6 Rxe5 29. Rxf7 Rc5 30. Kc2 Rg5 31. g3 Re5 32. Re7 Rh5 33. h4 g5 34.
Rf5 h6 35. Ree5 1-0